Sense and nonsense in psychology / (Record no. 28828)
[ view plain ]
| 000 -LEADER | |
|---|---|
| fixed length control field | 00773nam a2200277 4500 |
| 001 - CONTROL NUMBER | |
| control field | 28828 |
| 003 - CONTROL NUMBER IDENTIFIER | |
| rucl marc code | BD-RjUL |
| 005 - DATE AND TIME OF LATEST TRANSACTION | |
| control field | 20211209051333.0 |
| 008 - FIXED-LENGTH DATA ELEMENTS--GENERAL INFORMATION | |
| fixed length control field | 711207s1962 mdua b 000 0 eng |
| 035 ## - SYSTEM CONTROL NUMBER | |
| System control number | (BD-RjUL)28912 |
| 040 ## - CATALOGING SOURCE | |
| Original cataloging agency | DLC |
| Transcribing agency | DLC |
| Modifying agency | BD-RjUL |
| Language of cataloging | eng |
| 041 ## - LANGUAGE CODE | |
| Language code of text/sound track or separate title | eng |
| 082 00 - DEWEY DECIMAL CLASSIFICATION NUMBER | |
| Classification number | 133.07 |
| Author mark and year | EYS 1962 |
| 100 1# - MAIN ENTRY--PERSONAL NAME | |
| Personal name | Eysenck, H. J. |
| Fuller form of name | (Hans Jurgen), |
| Dates associated with a name | 1916-1997. |
| 9 (RLIN) | 5838 |
| 245 10 - TITLE STATEMENT | |
| Title | Sense and nonsense in psychology / |
| Statement of responsibility, etc. | H. J.Eysenck. |
| 260 ## - PUBLICATION, DISTRIBUTION, ETC. (IMPRINT) | |
| Place of publication, distribution, etc. | Baltimore, |
| Name of publisher, distributor, etc. | Penguin Books |
| Date of publication, distribution, etc. | 1962 |
| 300 ## - PHYSICAL DESCRIPTION | |
| Pagination | 349 p. |
| Illustrations | ill.; |
| Size | 18 cm. |
| 490 0# - SERIES STATEMENT | |
| Series statement | Pelican books |
| 500 ## - GENERAL NOTE | |
| General note | "A385." |
| 504 ## - BIBLIOGRAPHY, ETC. NOTE | |
| Bibliography, etc | Includes bibliography & index. |
| 650 #0 - SUBJECT ADDED ENTRY--TOPICAL TERM | |
| Topical term or geographic name as entry element | Parapsychology. |
| 9 (RLIN) | 88182 |
| Topical term or geographic name as entry element | Personality. |
| 9 (RLIN) | 88183 |
| 942 ## - ADDED ENTRY ELEMENTS (KOHA) | |
| Source of classification or shelving scheme | Dewey Decimal Classification |
| Koha item type | Books |
| Lost status | Source of classification or shelving scheme | Damaged status | Not for loan | Collection code | Permanent Location | Current Location | Shelving location | Date acquired | Source of acquisition | Total Checkouts | Full call number | Date last seen | Copy number | Koha item type | Cost, normal purchase price |
|---|---|---|---|---|---|---|---|---|---|---|---|---|---|---|---|
| Dewey Decimal Classification | Non-fiction | Central Library, University of Rajshahi | Central Library, University of Rajshahi | Reading Room | 29/10/1990 | shakat osman | 133.07 EYS 1962 | 01/04/2014 | C-3 | Books | |||||
| Dewey Decimal Classification | Non-fiction | Central Library, University of Rajshahi | Central Library, University of Rajshahi | 06/04/1995 | shakat osman | 133.07 EYS 1962 | 01/04/2014 | C-4 | Books | ||||||
| Dewey Decimal Classification | Added to bundle | Non-fiction | Central Library, University of Rajshahi | Central Library, University of Rajshahi | 29/10/1990 | shqwkat osman dhaka | 133.07 EYS 1963 | 01/04/2014 | C-1 | Books | 0.00 | ||||
| Dewey Decimal Classification | Non-fiction | Central Library, University of Rajshahi | Central Library, University of Rajshahi | 02/03/1990 | Standard pub | 133.07 EYS 1963 | 01/04/2014 | C-2 | Books |